Letters from Jenny

Αποθηκεύτηκε σε:
Λεπτομέρειες βιβλιογραφικής εγγραφής
Κύριος συγγραφέας: Masterson, Jenny pseud (Gove)
Άλλοι συγγραφείς: Allport, Gordon W. (Gordon Willard), 1897-1967 (Επιμελητής έκδοσης)
Μορφή: Βιβλίο
Γλώσσα:English
Δημοσίευση: New York : Harcourt, Brace & World, [1965]
Σειρά:(An Original harbinger book)
Θέματα:
Ετικέτες: Προσθήκη ετικέτας
Δεν υπάρχουν, Καταχωρήστε ετικέτα πρώτοι!

MARC

LEADER 00000cam a2200000 a 4500
001 1/116850
008 180618r1965####nyu| ||| |||| ||eng||
040 |a GR-MyUa  |b gre  |c GR-MyUa  |e AACR2 
041 0 |a eng 
082 7 |a 616.890092   |2 (23) 
100 1 |a Masterson, Jenny   |c pseud  |q (Gove) . 
245 1 0 |a Letters from Jenny /   |c edited and interpreted by Gordon W. Allport.  
260 |a New York :   |b Harcourt, Brace & World,   |c [1965] 
300 |a xii, 223 σ. ;   |c 21 εκ.  
490 0 |a (An Original harbinger book) 
500 |a Originally published in the Journal of abnormal and social psychology, v. 41, no. 3-4.  
504 |a Περιλαμβάνει βιβλιογραφία.  
650 0 |a Mental illness  |x Case studies. 
700 1 |a Allport, Gordon W.   |q (Gordon Willard),   |d 1897-1967,  |e edt 
852 |a INST  |b LESVOS  |e 20180618  |h 616.890092 MAS  |p 005100060492  |q 005100060492  |t BK  |y 0 
970 |a Τζαφέρη  |b Ευαγγελία  |z 18-06-2018